GUERRILLA WARFARE ITS PAST PRESENT AND FUTURE AND COUNTER GUERRILLA WARFAR (Record no. 584397)
[ view plain ]
| 000 -LEADER | |
|---|---|
| fixed length control field | 00297nam a22001097a 4500 |
| 082 ## - DEWEY DECIMAL CLASSIFICATION NUMBER | |
| Classification number | 355.028 KHA'G |
| 100 ## - MAIN ENTRY--PERSONAL NAME | |
| Personal name | KHAN, MOHD AKBAR |
| 9 (RLIN) | 79354 |
| 245 ## - TITLE STATEMENT | |
| Title | GUERRILLA WARFARE ITS PAST PRESENT AND FUTURE AND COUNTER GUERRILLA WARFAR |
| 260 ## - PUBLICATION, DISTRIBUTION, ETC. | |
| Place of publication, distribution, etc. | KARACHI |
| Name of publisher, distributor, etc. | RANGRUT |
| Date of publication, distribution, etc. | 1960 |
| 300 ## - PHYSICAL DESCRIPTION | |
| Extent | 292P |
| 942 ## - ADDED ENTRY ELEMENTS (KOHA) | |
| Koha item type | Book |
| Withdrawn status | Lost status | Damaged status | Not for loan | Permanent Location | Current Location | Shelving location | Date acquired | Total Checkouts | Full call number | Barcode | Date last seen | Price effective from | Koha item type |
|---|---|---|---|---|---|---|---|---|---|---|---|---|---|
| College of Electrical & Mechanical Engineering (CEME) | College of Electrical & Mechanical Engineering (CEME) | General Stacks | 07/03/2017 | 355.028 KHA'G | CEME-6884 | 06/28/2021 | 06/28/2021 | Book |
